[Event "DM 2022 G7 Grp2"]
[Site "Svendborg"]
[Date "2022.04.12"]
[Round "1"]
[White "Gottschalck, Christian"]
[Black "Sandmann, Villads Majvang"]
[Result "0-1"]
[WhiteElo "1711"]
[BlackElo "1778"]
[PlyCount "134"]
[EventDate "2022.04.12"]
[EventType "swiss"]
[EventRounds "7"]
[EventCountry "DEN"]

1. c4 e6 2. Nf3 d5 3. e3 a6 4. cxd5 exd5 5. d4 Nf6 6. Nc3 Bg4 7. Be2 c6 8. O-O
Bd6 9. Bd2 O-O 10. Rc1 Nbd7 11. Ne1 Bxe2 12. Qxe2 Re8 13. Qf3 Nf8 14. Nd3 Ne4
15. Rc2 Qg5 16. Ne2 Ne6 17. Rd1 Qh6 18. Ng3 Qh4 19. Nf1 N6g5 20. Qe2 h5 21. Be1
Nh3+ 22. gxh3 Qxh3 23. f4 Re6 24. Ne5 Bxe5 25. dxe5 Rg6+ 26. Kh1 h4 27. Nd2
Ng3+ 28. Bxg3 hxg3 29. Nf3 g2+ 30. Kg1 f6 31. f5 Rg4 32. Rd4 Rxd4 33. exd4 Qxf5
34. exf6 Qxf6 35. Qxg2 Rf8 36. Ne5 Qf4 37. Qe2 Qxd4+ 38. Kh1 Rf4 39. Rd2 Re4
40. Rxd4 Rxe2 41. Nd3 Rd2 42. a4 Kf7 43. a5 Ke7 44. b4 Kd8 45. Nc5 Rxd4 46.
Ne6+ Ke7 47. Nxd4 Kf6 48. Kg2 Ke5 49. Nb3 d4 50. Kf3 Kd5 51. Nd2 c5 52. bxc5
Kxc5 53. Ke4 Kb4 54. Kxd4 Kxa5 55. h4 Kb4 56. h5 a5 57. Ke5 Kc3 58. Ne4+ Kb4
59. Kf5 a4 60. Kg6 a3 61. Kxg7 a2 62. Nf6 a1=Q 63. h6 Qg1+ 64. Kf7 Qh2 65. Kg6
Qg3+ 66. Kf5 Qh4 67. h7 Qh6 0-1

[Event "DM 2022 G7 Grp2"]
[Site "Svendborg"]
[Date "2022.04.12"]
[Round "1"]
[White "Bogo, Mathias"]
[Black "Desoye, Gernot"]
[Result "0-1"]
[WhiteElo "1596"]
[BlackElo "1794"]
[PlyCount "74"]
[EventDate "2022.04.12"]
[EventType "swiss"]
[EventRounds "7"]
[EventCountry "DEN"]

1. e4 c5 2. c3 d5 3. exd5 Nf6 4. d4 Nxd5 5. Nf3 e6 6. Bb5+ Bd7 7. Bxd7+ Nxd7 8.
Qd3 cxd4 9. cxd4 Be7 10. Nc3 N7f6 11. O-O O-O 12. Bd2 a6 13. a4 Qd6 14. Rac1
Rac8 15. Rfe1 Rc7 16. Ng5 Nf4 17. Qe3 Ng6 18. Nge4 Qd7 19. Red1 Rd8 20. Be1 Qc8
21. Bd2 Qb8 22. f3 Rcd7 23. Be1 b5 24. axb5 axb5 25. Bf2 Nf4 26. Ne2 N4d5 27.
Nxf6+ Bxf6 28. Qe4 b4 29. Bg3 Qb6 30. Be5 Bxe5 31. Qxe5 Qd6 32. Kf2 f6 33. Qg3
Qb6 34. Rc5 e5 35. Rdc1 exd4 36. Nxd4 Rc7 37. Nb3 Rdc8 0-1

[Event "DM 2022 G7 Grp2"]
[Site "Svendborg"]
[Date "2022.04.13"]
[Round "2"]
[White "Desoye, Gernot"]
[Black "Kristiansen, Peter"]
[Result "0-1"]
[WhiteElo "1794"]
[BlackElo "1608"]
[PlyCount "106"]
[EventDate "2022.04.12"]
[EventType "swiss"]
[EventRounds "7"]
[EventCountry "DEN"]

1. d4 c6 2. c4 d5 3. Nf3 Bf5 4. Nc3 e6 5. cxd5 exd5 6. Qb3 Qb6 7. Qxb6 axb6 8.
Bf4 Nd7 9. Rc1 Ngf6 10. Nh4 Bg6 11. Nxg6 hxg6 12. f3 Nh5 13. e3 Nxf4 14. exf4
Bd6 15. g3 g5 16. fxg5 Bxg3+ 17. Kd1 Rxh2 18. Rxh2 Bxh2 19. Rc2 Bf4 20. Rg2 Nf8
21. Bd3 g6 22. a3 Ne6 23. Ne2 Bxg5 24. Rg4 Bf6 25. Nf4 Nxd4 26. Nh5 Bh8 27. f4
O-O-O 28. Ng3 Kc7 29. Kc1 Nb3+ 30. Kc2 Nc5 31. Bf1 Ne4 32. Nxe4 dxe4 33. f5
gxf5 34. Rf4 Be5 35. Rxf5 f6 36. Rf2 e3 37. Re2 Bf4 38. Bh3 Rd2+ 39. Rxd2 exd2
40. a4 c5 41. Bf5 Kd6 42. Bc8 Kc6 43. b3 Be3 44. Kd1 Kc7 45. Bf5 Kd6 46. Bc8
Ke5 47. Bxb7 f5 48. Bf3 Kf4 49. Bh5 Kg3 50. Ke2 f4 51. Bf7 f3+ 52. Kd1 f2 53.
Bc4 Kg2 0-1

[Event "DM 2022 G7 Grp2"]
[Site "Svendborg"]
[Date "2022.04.13"]
[Round "2"]
[White "Ringsmose, Christian"]
[Black "Skytte, Robert"]
[Result "0-1"]
[WhiteElo "1739"]
[BlackElo "1437"]
[PlyCount "88"]
[EventDate "2022.04.12"]
[EventType "swiss"]
[EventRounds "7"]
[EventCountry "DEN"]

1. c4 e6 2. d4 d5 3. Nc3 a6 4. cxd5 exd5 5. Qb3 Nf6 6. Bg5 c6 7. e3 Be7 8. Bd3
O-O 9. Nge2 h6 10. Bh4 Nh5 11. Bg3 Nxg3 12. hxg3 Nd7 13. O-O-O f5 14. Nxd5 cxd5
15. Qxd5+ Kh8 16. Nf4 Qc7+ 17. Kb1 Rf6 18. Bxf5 Nf8 19. Rc1 Bxf5+ 20. e4 Qd7
21. exf5 Qxf5+ 22. Rc2 Rd8 23. Qxb7 Rd7 24. Qc8 Rxd4 25. Qxf5 Rxf5 26. Rc8 Rd8
27. Rhc1 Rxc8 28. Rxc8 Kh7 29. Kc2 Ng6 30. Nd3 Ne5 31. Nf4 Bg5 32. Ne6 Rxf2+
33. Kb3 Rxg2 34. Nf8+ Kg8 35. Ng6+ Kf7 36. Nxe5+ Ke6 37. Nc4 Rxg3+ 38. Ka4 h5
39. b4 h4 40. Rc6+ Kd5 41. Rc5+ Kd4 42. Nd6 g6 43. Rc2 h3 44. a3 Rg2 0-1

[Event "DM 2022 G7 Grp2"]
[Site "Svendborg"]
[Date "2022.04.14"]
[Round "3"]
[White "Li, Anna Sofie"]
[Black "Kristiansen, Peter"]
[Result "1/2-1/2"]
[WhiteElo "1571"]
[BlackElo "1608"]
[PlyCount "44"]
[EventDate "2022.04.12"]
[EventType "swiss"]
[EventRounds "7"]
[EventCountry "DEN"]

1. e4 c6 2. d4 d5 3. exd5 cxd5 4. Bd3 e6 5. Nf3 Nc6 6. Bf4 Nf6 7. Nbd2 Be7 8.
O-O O-O 9. c3 Bd7 10. Re1 a6 11. Rc1 h6 12. Ne5 Rc8 13. Ndf3 Na7 14. Qe2 Bb5
15. c4 Bxc4 16. Nxc4 dxc4 17. Bxc4 Nd5 18. Bg3 Nc6 19. Rcd1 Bb4 20. Rf1 Be7 21.
Rfe1 Bb4 22. Rf1 Be7 1/2-1/2

[Event "DM 2022 G7 Grp2"]
[Site "Svendborg"]
[Date "2022.04.14"]
[Round "3"]
[White "Skytte, Robert"]
[Black "Haarh, Simon Bjork"]
[Result "0-1"]
[WhiteElo "1437"]
[BlackElo "1877"]
[PlyCount "50"]
[EventDate "2022.04.12"]
[EventType "swiss"]
[EventRounds "7"]
[EventCountry "DEN"]

1. e4 c5 2. Nf3 d6 3. d4 cxd4 4. Nxd4 Nf6 5. Nc3 a6 6. f3 e5 7. Nb3 Be6 8. Be3
Be7 9. Qd2 Nbd7 10. O-O-O b5 11. g4 Rc8 12. h4 Nb6 13. Na5 Qc7 14. g5 Nh5 15.
Qf2 Na4 16. Nxa4 Qxa5 17. Nc3 Rxc3 18. bxc3 Qxc3 19. f4 d5 20. Rxd5 Ba3+ 21.
Kd1 Bg4+ 22. Be2 Qa1+ 23. Kd2 Bb4+ 24. c3 Qxa2+ 25. Kd1 Qb1+ 0-1

[Event "DM 2022 G7 Grp2"]
[Site "Svendborg"]
[Date "2022.04.14"]
[Round "3"]
[White "Pedersen, Kim"]
[Black "Desoye, Gernot"]
[Result "1/2-1/2"]
[WhiteElo "1742"]
[BlackElo "1794"]
[PlyCount "44"]
[EventDate "2022.04.12"]
[EventType "swiss"]
[EventRounds "7"]
[EventCountry "DEN"]

1. d4 d5 2. c4 c6 3. cxd5 cxd5 4. Nc3 Nf6 5. Nf3 Nc6 6. Bf4 a6 7. e3 e6 8. Bd3
Bd6 9. Bg3 b5 10. Rc1 Bb7 11. O-O Bxg3 12. hxg3 O-O 13. a3 Na5 14. Ne5 Nc4 15.
Nxc4 dxc4 16. Be2 Qb6 17. Bf3 Rfd8 18. Bxb7 Qxb7 19. Qf3 Qxf3 20. gxf3 Rac8 21.
Rfd1 Rd7 22. Kf1 Kf8 1/2-1/2

[Event "DM 2022 G7 Grp2"]
[Site "Svendborg"]
[Date "2022.04.14"]
[Round "3"]
[White "Ringsmose, Christian"]
[Black "Sandmann, Villads Majvang"]
[Result "1-0"]
[WhiteElo "1739"]
[BlackElo "1778"]
[PlyCount "89"]
[EventDate "2022.04.12"]
[EventType "swiss"]
[EventRounds "7"]
[EventCountry "DEN"]

1. e4 c5 2. c3 Nf6 3. e5 Nd5 4. d4 cxd4 5. Nf3 Nc6 6. Bc4 Nb6 7. Bb3 d6 8. exd6
Qxd6 9. cxd4 e6 10. O-O Be7 11. Nc3 a6 12. Re1 O-O 13. a3 Rd8 14. Be3 Nd5 15.
Ne4 Qc7 16. Rc1 Bd7 17. Ne5 Bd6 18. Qh5 Bxe5 19. dxe5 Nxe3 20. Rxe3 Be8 21.
Nf6+ Kf8 22. Qxh7 Ke7 23. Qxg7 Qa5 24. Nxe8 Kxe8 25. Rf3 Nxe5 26. Re3 Rac8 27.
Rxc8 Rxc8 28. h4 Rc1+ 29. Kh2 Nc6 30. Qg8+ Ke7 31. Bxe6 fxe6 32. Qxe6+ Kd8 33.
Qf7 Qc7+ 34. Qxc7+ Kxc7 35. h5 Rc5 36. h6 Rh5+ 37. Rh3 Rxh3+ 38. Kxh3 Nd8 39.
Kg4 Kd6 40. Kg5 Ke7 41. Kg6 Kf8 42. g4 Kg8 43. h7+ Kh8 44. g5 Ne6 45. Kf6 1-0

[Event "DM 2022 G7 Grp2"]
[Site "Svendborg"]
[Date "2022.04.15"]
[Round "4"]
[White "Haarh, Simon Bjork"]
[Black "Li, Anna Sofie"]
[Result "1-0"]
[WhiteElo "1877"]
[BlackElo "1571"]
[PlyCount "107"]
[EventDate "2022.04.12"]
[EventType "swiss"]
[EventRounds "7"]
[EventCountry "DEN"]

1. e4 e6 2. d4 d5 3. Nc3 Nf6 4. e5 Nfd7 5. f4 c5 6. Nf3 Nc6 7. Be3 b6 8. Bb5
Bb7 9. Qd2 Be7 10. Nd1 f6 11. c3 Rc8 12. O-O O-O 13. Bf2 Qe8 14. f5 Qf7 15.
exf6 gxf6 16. Ne3 e5 17. dxc5 Kh8 18. Qxd5 Bxc5 19. Rad1 Bxe3 20. Bxe3 Rc7 21.
Qxf7 Rxf7 22. Nd2 Rg7 23. Rf2 Rc8 24. Bf1 Rcg8 25. Ne4 Ne7 26. Nd6 Bc6 27. Bh6
Nxf5 28. Nxf5 Rg6 29. Rd6 Be4 30. Be3 Bxf5 31. Rxf5 Nc5 32. Bxc5 bxc5 33. Rdxf6
e4 34. Rxg6 Rxg6 35. Re5 Rg4 36. Rxc5 Kg7 37. Kf2 Rf4+ 38. Ke2 Kf6 39. g3 Rg4
40. Ke3 h5 41. Rxh5 Kg6 42. Be2 Kxh5 43. Bxg4+ Kxg4 44. Kxe4 Kh3 45. Kf3 a5 46.
c4 a4 47. c5 a3 48. bxa3 Kxh2 49. c6 Kh3 50. c7 Kh2 51. c8=Q Kg1 52. Qc1+ Kh2
53. Qd2+ Kh3 54. Qg2# 1-0

[Event "DM 2022 G7 Grp2"]
[Site "Svendborg"]
[Date "2022.04.15"]
[Round "4"]
[White "Kristiansen, Peter"]
[Black "Pedersen, Kim"]
[Result "1/2-1/2"]
[WhiteElo "1608"]
[BlackElo "1742"]
[PlyCount "59"]
[EventDate "2022.04.12"]
[EventType "swiss"]
[EventRounds "7"]
[EventCountry "DEN"]

1. b3 d5 2. e3 Bf5 3. Bb2 Nf6 4. Nf3 Nbd7 5. Be2 e6 6. O-O Bd6 7. d3 Bg6 8.
Nbd2 c6 9. h3 Qe7 10. a3 e5 11. Nh2 O-O 12. Ng4 Nxg4 13. Bxg4 f5 14. Bh5 Qg5
15. Bxg6 Qxg6 16. f4 Rae8 17. d4 e4 18. Kh1 Nf6 19. Qe1 Be7 20. a4 Nh5 21. Kh2
Nf6 22. Ba3 Qh6 23. Bxe7 Rxe7 24. g3 Ne8 25. Rf2 g5 26. fxg5 Qxg5 27. Rf4 Kh8
28. Qf2 Nd6 29. Rg1 Ref7 30. Nf1 1/2-1/2

[Event "DM 2022 G7 Grp2"]
[Site "Svendborg"]
[Date "2022.04.15"]
[Round "4"]
[White "Skytte, Robert"]
[Black "Gottschalck, Christian"]
[Result "1/2-1/2"]
[WhiteElo "1437"]
[BlackElo "1711"]
[PlyCount "59"]
[EventDate "2022.04.12"]
[EventType "swiss"]
[EventRounds "7"]
[EventCountry "DEN"]

1. e4 d5 2. exd5 Nf6 3. d4 Nxd5 4. c4 Nb6 5. Nf3 g6 6. h3 Bg7 7. Nc3 O-O 8. Be2
Nc6 9. Be3 Na5 10. b3 Nc6 11. O-O e6 12. Rc1 Qe7 13. Qc2 Nb4 14. Qb2 c6 15. a3
Na6 16. Bf4 c5 17. Be5 f6 18. Bh2 cxd4 19. Nxd4 e5 20. Ndb5 f5 21. f3 Be6 22.
Rfd1 Rfd8 23. Rxd8+ Rxd8 24. Rd1 Rxd1+ 25. Nxd1 f4 26. Ndc3 Bf5 27. Ne4 Bxe4
28. fxe4 Nc5 29. Bf3 a6 30. Nc3 1/2-1/2

[Event "DM 2022 G7 Grp2"]
[Site "Svendborg"]
[Date "2022.04.15"]
[Round "4"]
[White "Christensen, Adam Stanczyk"]
[Black "Ringsmose, Christian"]
[Result "1-0"]
[WhiteElo "1366"]
[BlackElo "1739"]
[PlyCount "59"]
[EventDate "2022.04.12"]
[EventType "swiss"]
[EventRounds "7"]
[EventCountry "DEN"]

1. e4 c5 2. c3 Nf6 3. e5 Nd5 4. d4 cxd4 5. cxd4 e6 6. Nf3 d6 7. Bc4 Be7 8. O-O
O-O 9. Bd2 b6 10. Qb3 Ba6 11. Nc3 Bxc4 12. Qxc4 Nxc3 13. Bxc3 Nd7 14. Rfd1 Rc8
15. Qa4 Qc7 16. d5 Nxe5 17. Nxe5 dxe5 18. dxe6 fxe6 19. Rd7 Qc5 20. Rf1 a5 21.
Qg4 Rf6 22. Bxe5 Rg6 23. Qe4 Rf8 24. Bd4 Qg5 25. f4 Qh4 26. g3 Rf5 27. Kh1 Qh3
28. Rc1 Rh5 29. Rc8+ Bf8 30. Rxf8+ 1-0

[Event "DM 2022 G7 Grp2"]
[Site "Svendborg"]
[Date "2022.04.17"]
[Round "6"]
[White "Haarh, Simon Bjork"]
[Black "Desoye, Gernot"]
[Result "1/2-1/2"]
[WhiteElo "1877"]
[BlackElo "1794"]
[PlyCount "23"]
[EventDate "2022.04.12"]
[EventType "swiss"]
[EventRounds "7"]
[EventCountry "DEN"]

1. e4 c5 2. Nf3 Nc6 3. d4 cxd4 4. Nxd4 e5 5. Nb5 d6 6. N1c3 a6 7. Na3 b5 8. Nd5
Nge7 9. Be3 Rb8 10. Be2 f5 11. exf5 Nxf5 12. Bg5 1/2-1/2

[Event "DM 2022 G7 Grp2"]
[Site "Svendborg"]
[Date "2022.04.17"]
[Round "6"]
[White "Gottschalck, Christian"]
[Black "Kristiansen, Peter"]
[Result "1/2-1/2"]
[WhiteElo "1711"]
[BlackElo "1608"]
[PlyCount "79"]
[EventDate "2022.04.12"]
[EventType "swiss"]
[EventRounds "7"]
[EventCountry "DEN"]

1. d4 c6 2. e4 d5 3. exd5 cxd5 4. Bd3 Nc6 5. c3 Nf6 6. Bf4 Bg4 7. Qb3 Na5 8.
Qa4+ Bd7 9. Qc2 h6 10. Nf3 Nc6 11. O-O Nh5 12. Be3 Rc8 13. Qd2 e6 14. Ne5 Be7
15. Qe2 Nf6 16. Nd2 a6 17. a4 O-O 18. f4 Bd6 19. g4 Nh7 20. Ndf3 Nxe5 21. fxe5
Be7 22. Qd2 Ng5 23. Nxg5 Bxg5 24. Bxg5 Qxg5 25. Qxg5 hxg5 26. Rf3 g6 27. Rf6
Kg7 28. Bc2 Rfe8 29. Raf1 Re7 30. Kg2 Rc4 31. Bb3 Rc7 32. Kg3 Rc8 33. h4 gxh4+
34. Kxh4 Rh8+ 35. Kg5 Rh2 36. R1f2 Rxf2 37. Rxf2 Re8 38. Rh2 Rc8 39. Rh3 a5 40.
Bc2 1/2-1/2

[Event "DM 2022 G7 Grp2"]
[Site "Svendborg"]
[Date "2022.04.17"]
[Round "6"]
[White "Christensen, Michael Leon"]
[Black "Ringsmose, Christian"]
[Result "1-0"]
[WhiteElo "1716"]
[BlackElo "1739"]
[PlyCount "25"]
[EventDate "2022.04.12"]
[EventType "swiss"]
[EventRounds "7"]
[EventCountry "DEN"]

1. d4 Nf6 2. c4 e6 3. Nc3 d5 4. Bf4 dxc4 5. e3 c5 6. Bxc4 cxd4 7. Qxd4 Qxd4 8.
exd4 Bb4 9. a3 Ba5 10. b4 Bb6 11. d5 Bd4 12. Nge2 exd5 13. Bb5+ 1-0

[Event "DM 2022 G7 Grp2"]
[Site "Svendborg"]
[Date "2022.04.17"]
[Round "6"]
[White "Skytte, Robert"]
[Black "Pedersen, Kim"]
[Result "1/2-1/2"]
[WhiteElo "1437"]
[BlackElo "1742"]
[PlyCount "25"]
[EventDate "2022.04.12"]
[EventType "swiss"]
[EventRounds "7"]
[EventCountry "DEN"]

1. e4 d6 2. d4 Nf6 3. Nc3 Nbd7 4. Be3 e5 5. f4 exd4 6. Bxd4 c6 7. e5 dxe5 8.
fxe5 Qe7 9. Qe2 Nd5 10. Nxd5 cxd5 11. g3 b6 12. Bg2 Bb7 13. c4 1/2-1/2

[Event "DM 2022 G7 Grp2"]
[Site "Svendborg"]
[Date "2022.04.18"]
[Round "7"]
[White "Haarh, Simon Bjork"]
[Black "Christensen, Michael Leon"]
[Result "1-0"]
[WhiteElo "1877"]
[BlackElo "1716"]
[PlyCount "53"]
[EventDate "2022.04.12"]
[EventType "swiss"]
[EventRounds "7"]
[EventCountry "DEN"]

1. e4 c5 2. Nf3 Nc6 3. d4 cxd4 4. Nxd4 Nf6 5. Nc3 d6 6. Bc4 g6 7. Bb3 Na5 8. f3
Bd7 9. Be3 Bg7 10. Qd2 O-O 11. O-O-O Nxb3+ 12. cxb3 a5 13. Kb1 Qb8 14. h4 b5
15. Bh6 e5 16. Bxg7 Kxg7 17. Nf5+ Bxf5 18. exf5 b4 19. Ne4 Nxe4 20. fxe4 Rd8
21. h5 Rh8 22. hxg6 fxg6 23. Qh6+ Kf7 24. fxg6+ hxg6 25. Rdf1+ Ke7 26. Qg7+ Ke6
27. Qf7# 1-0

[Event "DM 2022 G7 Grp2"]
[Site "Svendborg"]
[Date "2022.04.18"]
[Round "7"]
[White "Desoye, Gernot"]
[Black "Gottschalck, Christian"]
[Result "1-0"]
[WhiteElo "1794"]
[BlackElo "1711"]
[PlyCount "87"]
[EventDate "2022.04.12"]
[EventType "swiss"]
[EventRounds "7"]
[EventCountry "DEN"]

1. d4 Nf6 2. c4 e6 3. Nc3 Bb4 4. f3 d5 5. a3 Bxc3+ 6. bxc3 O-O 7. e3 b6 8. cxd5
exd5 9. Bd3 Re8 10. Ne2 Bb7 11. O-O Nbd7 12. Ng3 c5 13. Ra2 cxd4 14. cxd4 Rc8
15. Re2 Nf8 16. Bb2 Ne6 17. Qd2 Qd7 18. Qb4 Qe7 19. Qxe7 Rxe7 20. Nf5 Rec7 21.
Nd6 Ra8 22. Nxb7 Rxb7 23. Rc2 Rc7 24. Rfc1 Rac8 25. Rxc7 Rxc7 26. Rxc7 Nxc7 27.
e4 b5 28. Kf2 a5 29. Bc3 dxe4 30. fxe4 b4 31. axb4 axb4 32. Bxb4 Ne6 33. d5 Ng5
34. Ke3 h5 35. Kd4 Ngh7 36. e5 Nd7 37. Bb5 Nhf8 38. Be7 Ng6 39. Bxd7 Nxe7 40.
Kc5 Kf8 41. Kd6 g5 42. Bc6 Ng6 43. e6 fxe6 44. Kxe6 1-0

[Event "DM 2022 G7 Grp2"]
[Site "Svendborg"]
[Date "2022.04.18"]
[Round "7"]
[White "Kristiansen, Peter"]
[Black "Skytte, Robert"]
[Result "1-0"]
[WhiteElo "1608"]
[BlackElo "1437"]
[PlyCount "25"]
[EventDate "2022.04.12"]
[EventType "swiss"]
[EventRounds "7"]
[EventCountry "DEN"]

1. e4 c6 2. d4 d5 3. exd5 cxd5 4. Bd3 Nc6 5. c3 Nf6 6. Bf4 Bg4 7. Qb3 Qd7 8.
Nd2 e6 9. Ngf3 Bd6 10. Be5 Bxf3 11. Nxf3 Bxe5 12. Nxe5 Nxe5 13. dxe5 1-0

[Event "DM 2022 G7 Grp2"]
[Site "Svendborg"]
[Date "2022.04.18"]
[Round "7"]
[White "Christensen, Adam Stanczyk"]
[Black "Pedersen, Kim"]
[Result "1/2-1/2"]
[WhiteElo "1366"]
[BlackElo "1742"]
[PlyCount "64"]
[EventDate "2022.04.12"]
[EventType "swiss"]
[EventRounds "7"]
[EventCountry "DEN"]

1. e4 d6 2. d4 Nf6 3. Nc3 Nbd7 4. Nf3 e5 5. dxe5 dxe5 6. Bc4 Be7 7. Be3 c6 8.
O-O b5 9. Bb3 Qc7 10. Ng5 O-O 11. a4 b4 12. Ne2 h6 13. Nxf7 Rxf7 14. Bxf7+ Kxf7
15. Ng3 Nc5 16. f4 Bg4 17. Qe1 Kg8 18. Qxb4 Rb8 19. Qc3 Ncd7 20. Kh1 Be6 21. b3
Bb4 22. Qb2 Ng4 23. Bg1 exf4 24. Nh5 Ndf6 25. Nxf4 Bf7 26. h3 Bd6 27. Ne2 Ne5
28. Qd4 Re8 29. Qxa7 Nxe4 30. Qxc7 Bxc7 31. Bh2 Bb6 32. Bg1 Bc7 1/2-1/2